[Event "EU-chT (Men)"]
[Site "Pula"]
[Date "1997.??.??"]
[Round "4"]
[White "Westerinen, Heikki MJ"]
[Black "Blatny, Pavel"]
[Result "1/2-1/2"]
[WhiteElo "2425"]
[BlackElo "2540"]
[PlyCount "112"]
[EventDate "1997.05.05"]
[Source "ChessBase"]

1. e4 c6 2. d4 g6 3. Nf3 d5 4. Nbd2 Bg7 5. c3 Nf6 6. Bd3 a5 7. O-O e6 8. Re1 a4 9. Ne5 Nbd7 10. Nxd7 Bxd7 11. e5 Ng8 12. b4 b6 13. Bc2 c5 14. bxc5 bxc5 15. Ba3 cxd4 16. cxd4 Bf8 17. Bxf8 Kxf8 18. Nf3 Ne7 19. Rb1 Kg7 20. Qd2 Nc6 21. Qf4 h6 22. h4 Rf8 23. Re3 Ra7 24. a3 f6 25. exf6+ Rxf6 26. Qg3 Be8 27. Qg4 Qd6 28. h5 Ne7 29. hxg6 Rc7 30. Bd3 Qxa3 31. Qg3 Rc1+ 32. Bf1 Qxe3 33. fxe3 Rxb1 34. Qc7 Bxg6 35. Qxe7+ Rf7 36. Qxe6 a3 37. Qxd5 Ra1 38. Kf2 a2 39. Qa5 Rc1 40. Qxa2 Rc2+ 41. Qxc2 Bxc2 42. Bc4 Rf5 43. Be6 Rb5 44. Kg3 Kf6 45. Bc4 Ra5 46. Ne5 Rxe5 47. dxe5+ Kxe5 48. Be2 Bg6 49. Bf3 Bf7 50. Kh4 Be8 51. g3 Bg6 52. Bh5 Bf5 53. Bf3 Be4 54. Bd1 Bg6 55. Kg4 Be8 56. Bc2 Bf7 1/2-1/2

[Event "Sarajevo"]
[Site "Sarajevo"]
[Date "1981.??.??"]
[Round "4"]
[White "Psakhis, Lev"]
[Black "Klaric, Zlatko"]
[Result "1-0"]
[WhiteElo "2500"]
[BlackElo "2465"]
[PlyCount "61"]
[EventDate "1981.03.??"]
[Source "ChessBase"]

1. e4 c6 2. d4 g6 3. Nf3 Bg7 4. c3 d5 5. Nbd2 Nh6 6. Bd3 O-O 7. O-O b6 8. Re1 e6 9. e5 Nf5 10. Nf1 h6 11. Ne3 c5 12. Ng4 Kh7 13. Bf4 Nc6 14. dxc5 bxc5 15. Qd2 Nce7 16. Nf6+ Bxf6 17. exf6 Ng8 18. g4 Nd6 19. g5 Ne4 20. Bxe4 dxe4 21. Qxd8 Rxd8 22. Ne5 hxg5 23. Bxg5 Rd5 24. Rxe4 Nh6 25. Bxh6 Kxh6 26. c4 Rd4 27. Nxf7+ Kh7 28. Rxd4 cxd4 29. Rd1 g5 30. Ne5 Rb8 31. b3 1-0

[Event "1st League TCh-SCG"]
[Site "Budva"]
[Date "2003.09.01"]
[Round "4"]
[White "Popovic, Dusan"]
[Black "Markovic, Miroslav"]
[Result "0-1"]
[WhiteElo "2438"]
[BlackElo "2525"]
[PlyCount "122"]
[EventDate "2003.08.29"]
[Source "Roberto Alvarez"]
[SourceDate "2003.10.27"]

1. e4 c6 2. d4 Na6 3. c3 Nc7 4. Bd3 g6 5. Ne2 Bg7 6. Nd2 d6 7. Nf3 e5 8. Bg5 Ne7 9. Qd2 Bg4 10. h3 Bxf3 11. gxf3 Ne6 12. Be3 Qa5 13. f4 exd4 14. cxd4 Qxd2+ 15. Kxd2 f5 16. e5 O-O-O 17. Kc2 Nd5 18. a3 b5 19. h4 Bh6 20. h5 Bxf4 21. Bxf4 Nexf4 22. Nxf4 Nxf4 23. exd6 Nxh5 24. a4 b4 25. Bxf5+ Kb7 26. Rae1 a5 27. Re7+ Kb6 28. d7 Rhf8 29. Bh3 Rxf2+ 30. Kb1 Nf4 31. Rxh7 Nd3 32. Be6 Rxb2+ 33. Ka1 Rf2 34. Bc4 Nf4 35. Rf7 Kc7 36. Rhh7 g5 37. Rhg7 Rd2 38. Rxg5 Rxd4 39. Bb3 Nd5 40. Bxd5 Rxd5 41. Rxd5 cxd5 42. Rf6 d4 43. Ra6 d3 44. Kb2 Rxd7 45. Rxa5 Kc6 46. Kc1 b3 47. Ra6+ Kc5 48. Ra5+ Kb4 49. Rb5+ Kxa4 50. Rb8 d2+ 51. Kd1 Ka3 52. Ra8+ Kb2 53. Rb8 Ka2 54. Ra8+ Kb1 55. Rb8 b2 56. Ra8 Rc7 57. Ra6 Rc1+ 58. Kxd2 Rc2+ 59. Kd1 Rc4 60. Rd6 Ra4 61. Rb6 Rd4+ 0-1

[Event "Majdanpek"]
[Site "Majdanpek"]
[Date "1976.??.??"]
[Round "2"]
[White "Planinec, Albin"]
[Black "Padevsky, Nikola"]
[Result "1-0"]
[WhiteElo "2485"]
[BlackElo "2475"]
[PlyCount "57"]
[EventDate "1976.01.??"]
[Source "ChessBase"]

1. e4 g6 2. d4 c6 3. Nf3 d5 4. Nbd2 Bg7 5. Bd3 Na6 6. c3 Nc7 7. O-O Nf6 8. e5 Nd7 9. Re1 O-O 10. h4 Nb6 11. Nh2 Be6 12. Ndf1 Qd7 13. Ng3 f6 14. exf6 exf6 15. h5 f5 16. Bf4 Rae8 17. Nf3 Nc4 18. Qc2 Nd6 19. Ne5 Bxe5 20. Bxe5 Ne4 21. hxg6 hxg6 22. Ne2 Bf7 23. f3 Nd6 24. Qd2 Nc4 25. Bxc4 dxc4 26. Qh6 Rxe5 27. dxe5 Be8 28. Nf4 Qg7 29. Qg5 1-0

[Event "Tch-NED, NED"]
[Site "?"]
[Date "2001.??.??"]
[Round "8"]
[White "Gustafsson, J."]
[Black "Van Mil, J."]
[Result "1-0"]
[WhiteElo "2535"]
[BlackElo "2420"]
[PlyCount "115"]
[EventDate "2001.??.??"]
[Source "www.chesslib.no"]
[SourceDate "2004.05.04"]

1. d4 g6 2. e4 Bg7 3. Nf3 c6 4. Nbd2 d5 5. c3 Nh6 6. Bd3 O-O 7. O-O f6 8. c4 Nf7 9. Re1 Na6 10. exd5 cxd5 11. a3 Nc7 12. cxd5 b6 13. Ne4 Nxd5 14. Qb3 Nc7 15. Bc4 b5 16. Bf1 Be6 17. Qd1 Bg4 18. Be3 e5 19. Nc3 a6 20. Be2 exd4 21. Nxd4 Bxe2 22. Qxe2 Ne5 23. Rad1 Qe8 24. Bf4 Qf7 25. Bxe5 fxe5 26. Nf3 Ne6 27. Qe4 Nd4 28. Re3 Rae8 29. Rf1 Qb3 30. Ng5 Bh6 31. Rg3 Rf4 32. Qb1 Bxg5 33. Rxg5 Qf7 34. Rg3 Kg7 35. Re3 Rf5 36. Qd3 Re7 37. Ne4 Ne6 38. Nd6 Nf4 39. Qd2 Qe6 40. Nxf5+ gxf5 41. Rfe1 Qf6 42. Rg3+ Ng6 43. Rd3 Qf7 44. Rd6 f4 45. f3 Qf5 46. Rd1 Kh6 47. Rc1 e4 48. fxe4 Rxe4 49. Qf2 Kg5 50. Rd4 Re5 51. Rf1 Qg4 52. Re1 Rf5 53. Rde4 Nh4 54. Re5 f3 55. Rxf5+ Kxf5 56. g3 Ng6 57. Qe3 Kf6 58. Kf2 1-0

[Event "RUS-Cup"]
[Site "?"]
[Date "1998.??.??"]
[Round "6"]
[White "Beshukov Sergei"]
[Black "Burmakin Vladimir"]
[Result "1-0"]
[WhiteElo "2405"]
[BlackElo "2550"]
[PlyCount "111"]
[EventDate "1998.??.??"]
[Source "www.chesslib.no"]
[SourceDate "2004.05.04"]

1. e4 c6 2. d4 d6 3. Nf3 Nd7 4. Bd3 e5 5. c3 Be7 6. O-O Qc7 7. Nbd2 Nf8 8. Re1 Bg4 9. Nc4 Nd7 10. Ne3 Bxf3 11. Qxf3 g6 12. Bc4 Ngf6 13. Ng4 h5 14. Nxf6+ Bxf6 15. dxe5 dxe5 16. Rd1 O-O-O 17. Be3 Bg7 18. Qxf7 Nb6 19. Be6+ Kb8 20. Qxg6 Bf8 21. Rxd8+ Qxd8 22. Bb3 Be7 23. Rd1 Qf8 24. a4 Nc8 25. Rd7 Nb6 26. Rd1 Nc8 27. Qe6 Bd6 28. Qf7 Qxf7 29. Bxf7 Kc7 30. Be6 b6 31. Bxc8 Rxc8 32. g3 Re8 33. Kg2 Re6 34. Rd3 a5 35. Bg5 b5 36. axb5 cxb5 37. Rd5 Kc6 38. c4 bxc4 39. Rxa5 Kb6 40. Rd5 Kc6 41. Bd2 Re8 42. Bc3 Bc7 43. f3 Ra8 44. Rd1 Re8 45. g4 hxg4 46. fxg4 Bb6 47. Rd5 Rf8 48. Rxe5 Rf2+ 49. Kg3 Rc2 50. Re6+ Kb5 51. Rxb6+ Kxb6 52. g5 Rc1 53. Bd4+ Kc6 54. g6 Ra1 55. g7 Ra8 56. h4 1-0

[Event "Bled Open"]
[Site "Bled SLO"]
[Date "1995.??.??"]
[Round "3"]
[White "Mencinger, Vojko"]
[Black "Burmakin, Vladimir"]
[Result "1-0"]
[WhiteElo "2385"]
[BlackElo "2555"]
[PlyCount "83"]
[EventDate "1995.03.??"]
[Source "www.chesslib.no"]
[SourceDate "2004.05.04"]

1. e4 c6 2. d4 d6 3. Nf3 Nd7 4. Bd3 e5 5. c3 Be7 6. O-O Qc7 7. a4 Nf8 8. Na3 Ng6 9. Nc4 Nf6 10. h3 O-O 11. dxe5 dxe5 12. Qe2 Nh5 13. Bc2 Be6 14. Rd1 Bc5 15. Ne3 Ngf4 16. Qf1 a5 17. Ng5 Bc8 18. Bb3 h6 19. Nf3 Qe7 20. Kh2 Be6 21. Bxe6 Qxe6 22. Nf5 Nf6 23. Ng3 Rfd8 24. Be3 Bxe3 25. fxe3 Ng6 26. Rxd8+ Rxd8 27. Rd1 Rd6 28. Qe2 Kh7 29. Rxd6 Qxd6 30. Qc4 Kg8 31. b4 axb4 32. cxb4 Ne7 33. Ne2 Nc8 34. a5 Qc7 35. Nc3 Nd6 36. Qc5 Ndxe4 37. Nxe4 Nxe4 38. Qxe5 Qxe5+ 39. Nxe5 Nc3 40. Nd7 Nd5 41. Nc5 b6 42. e4 1-0

[Event "BUL Ch"]
[Site "Bulgaria"]
[Date "1994.??.??"]
[Round "5"]
[White "Todorov, Ognjan"]
[Black "Spasov, Vasil V"]
[Result "1/2-1/2"]
[WhiteElo "2400"]
[BlackElo "2540"]
[PlyCount "27"]
[EventDate "1994.05.??"]
[Source "www.chesslib.no"]
[SourceDate "2004.05.04"]

1. Nf3 g6 2. e4 c6 3. d4 d5 4. Nbd2 Bg7 5. c3 Bg4 6. Bd3 Nf6 7. e5 Nfd7 8. h3 Bxf3 9. Nxf3 e6 10. h4 h5 11. Ng5 Qe7 12. Rh3 c5 13. Rf3 O-O 14. g4 1/2-1/2

[Event "Open"]
[Site "Bled op"]
[Date "1995.??.??"]
[Round "3"]
[White "Mencinger, Vojko"]
[Black "Burmakin, Vladimir"]
[Result "1-0"]
[WhiteElo "2385"]
[BlackElo "2555"]
[PlyCount "83"]
[EventDate "1995.??.??"]
[Source "www.chesslib.no"]
[SourceDate "2004.05.04"]

1. e4 c6 2. d4 d6 3. Nf3 Nd7 4. Bd3 e5 5. c3 Be7 6. O-O Qc7 7. a4 Nf8 8. Na3 Ng6 9. Nc4 Nf6 10. h3 O-O 11. dxe5 dxe5 12. Qe2 Nh5 13. Bc2 Be6 14. Rd1 Bc5 15. Ne3 Ngf4 16. Qf1 a5 17. Ng5 Bc8 18. Bb3 h6 19. Nf3 Qe7 20. Kh2 Be6 21. Bxe6 Qxe6 22. Nf5 Nf6 23. Ng3 Rfd8 24. Be3 Bxe3 25. fxe3 Ng6 26. Rxd8+ Rxd8 27. Rd1 Rd6 28. Qe2 Kh7 29. Rxd6 Qxd6 30. Qc4 Kg8 31. b4 axb4 32. cxb4 Nh7 33. Ne2 Nh8 34. a5 Qd4 35. Nc3 Qd5 36. exd5 Ng5 37. Ne4 h5 38. Qxc6 Ne6 39. Qxb7 Nd4 40. Qb5 f6 41. Qc6 Nb5 42. Qc2 1-0

[Event "ECC"]
[Site "Rethymnon"]
[Date "2003.09.30"]
[Round "3"]
[White "Teterev, Vitaly"]
[Black "Kiik, Kalle"]
[Result "1/2-1/2"]
[WhiteElo "2497"]
[BlackElo "2439"]
[PlyCount "51"]
[EventDate "2003.09.28"]
[Source "Roberto Alvarez"]
[SourceDate "2003.10.06"]

1. e4 g6 2. d4 Bg7 3. Nf3 c6 4. c3 d5 5. Nbd2 Nd7 6. e5 f6 7. exf6 exf6 8. Bd3 Qe7+ 9. Be2 f5 10. O-O Ngf6 11. c4 O-O 12. Re1 Ne4 13. cxd5 cxd5 14. Qb3 Nb6 15. a4 Be6 16. a5 Nc8 17. Ne5 Ncd6 18. Ndf3 f4 19. a6 b6 20. Nc6 Qf6 21. Nb4 Kh8 22. Nd3 g5 23. Nfe5 Nf5 24. Ra4 Rac8 25. Qd1 Rc7 26. Bf1 1/2-1/2

[Event "Linares Anibal op 3rd"]
[Site "Linares"]
[Date "1996.??.??"]
[Round "?"]
[White "Konguvel, Ponnuswamy"]
[Black "Burmakin, Vladimir"]
[Result "1-0"]
[WhiteElo "2395"]
[BlackElo "2535"]
[PlyCount "43"]
[EventDate "1996.01.??"]
[Source "ChessBase"]

1. e4 c6 2. d4 d6 3. Nc3 Nd7 4. Nf3 e5 5. Bc4 Be7 6. dxe5 Nxe5 7. Nxe5 dxe5 8. Qh5 g6 9. Qxe5 f6 10. Qg3 Qd6 11. Bf4 Qb4 12. Bb3 g5 13. Bc7 Nh6 14. O-O-O Nf7 15. f4 Qc5 16. e5 fxe5 17. fxe5 Bf5 18. Bxf7+ Kxf7 19. Rhf1 Kg6 20. Rxf5 Kxf5 21. Qd3+ Ke6 22. Ne4 1-0

[Event "Kladovo"]
[Site "?"]
[Date "1980.04.20"]
[Round "11"]
[White "Popovic Petar"]
[Black "Djuric Stefan"]
[Result "1-0"]
[WhiteElo "2490"]
[BlackElo "2440"]
[PlyCount "109"]
[EventDate "1980.??.??"]
[Source "www.chesslib.no"]
[SourceDate "2004.05.04"]

1. e4 g6 2. d4 c6 3. Nf3 Bg7 4. Nbd2 d5 5. c3 dxe4 6. Nxe4 Nf6 7. Nxf6+ exf6 8. Bc4 O-O 9. O-O Qd6 10. Re1 Nd7 11. Bb3 a5 12. a4 c5 13. Be3 cxd4 14. Qxd4 Qxd4 15. Bxd4 Ra6 16. Re7 Ne5 17. Nxe5 fxe5 18. Be3 Rc6 19. Bd5 Bf6 20. Bxc6 Bxe7 21. Bb5 Kg7 22. Bb6 Bd8 23. Bc5 Rh8 24. Rd1 Be6 25. Kf1 h5 26. c4 h4 27. h3 Bc7 28. Ke2 Kf6 29. Be3 g5 30. f3 Re8 31. c5 Bd8 32. Bd7 Bxd7 33. Rxd7 Be7 34. Rd3 Kf5 35. Rb3 Rb8 36. Kd3 f6 37. Rb5 Ke6 38. Kc4 Bd8 39. Bd2 f5 40. Bxa5 Bxa5 41. Rxa5 Rd8 42. Rb5 Rd4+ 43. Kc3 Rxa4 44. Rxb7 Kd5 45. b4 Ra3+ 46. Kb2 Re3 47. Rd7+ Kc6 48. Rd6+ Kb5 49. Rb6+ Kc4 50. c6 Re2+ 51. Kc1 Kc3 52. Kd1 Rd2+ 53. Ke1 Rd8 54. b5 Kd4 55. c7 1-0

[Event "Pardubice Open"]
[Site "Pardubice CZE"]
[Date "1992.??.??"]
[Round "4"]
[White "Rublevsky, Sergei"]
[Black "Sergeev, Vladimir"]
[Result "1/2-1/2"]
[WhiteElo "2505"]
[BlackElo "2425"]
[PlyCount "83"]
[EventDate "1992.07.??"]
[Source "www.chesslib.no"]
[SourceDate "2004.05.04"]

1. d4 g6 2. e4 c6 3. Nf3 d5 4. Nbd2 Bg7 5. h3 Nh6 6. Bd3 O-O 7. O-O dxe4 8. Nxe4 Nf5 9. c3 Qc7 10. Bg5 h6 11. Bd2 Nd7 12. Re1 c5 13. Qc1 cxd4 14. cxd4 Qxc1 15. Raxc1 Nb6 16. g4 Nxd4 17. Nxd4 Bxd4 18. Bxh6 Rd8 19. b3 Bd7 20. Ng3 Nd5 21. Be4 Nc3 22. Bf3 Nxa2 23. Rc7 Be6 24. Rxb7 Rab8 25. Rxe7 Rxb3 26. Be3 Bc3 27. Re2 Bc4 28. Rxa7 Bxe2 29. Bxe2 Nb4 30. Bc4 Rb1+ 31. Kg2 Nd5 32. Bg5 Bd4 33. Rxf7 Kxf7 34. Bxd8 Ke6 35. Ne2 Be5 36. Bh4 Kd6 37. Bxd5 Kxd5 38. Bg3 Rb2 39. Kf3 Rb3+ 40. Kg2 Rb2 41. Kf3 Rb3+ 42. Kg2 1/2-1/2

[Event "Srbia-chT"]
[Site "?"]
[Date "2000.??.??"]
[Round "?"]
[White "Vukovic Zdravko"]
[Black "Scekic Milos"]
[Result "1-0"]
[WhiteElo "2475"]
[BlackElo "2454"]
[PlyCount "47"]
[EventDate "2000.??.??"]
[Source "www.chesslib.no"]
[SourceDate "2004.05.04"]

1. e4 c6 2. d4 d6 3. h3 Nf6 4. Nc3 Qa5 5. Bd3 e5 6. Nf3 Nbd7 7. O-O Be7 8. a4 O-O 9. Bd2 Qc7 10. a5 exd4 11. Nxd4 Nc5 12. Qf3 Nxd3 13. cxd3 d5 14. exd5 Nxd5 15. Nxd5 cxd5 16. Rfc1 Qd8 17. Be3 Be6 18. a6 Qd7 19. Qg3 Bd8 20. Bh6 Bf6 21. Rc7 Bxd4 22. Rxd7 Bxd7 23. axb7 Rad8 24. Bf4 1-0

[Event "Petrov mem op"]
[Site "St Petersburg"]
[Date "2002.02.20"]
[Round "9"]
[White "Chuprov, Dmitry"]
[Black "Karasev, Vladimir I"]
[Result "0-1"]
[WhiteElo "2484"]
[BlackElo "2436"]
[PlyCount "110"]
[EventDate "2002.02.12"]
[Source "ChessBase"]
[SourceDate "2002.03.14"]

1. e4 g6 2. d4 Bg7 3. c3 c6 4. Nf3 d5 5. Nbd2 Nh6 6. Bd3 O-O 7. O-O dxe4 8. Nxe4 Bg4 9. h3 Bxf3 10. Qxf3 Nf5 11. Bf4 Nd6 12. Nxd6 exd6 13. d5 Be5 14. dxc6 Nxc6 15. Be3 d5 16. Rad1 Qa5 17. b4 Qc7 18. Qxd5 Bxc3 19. a3 Bd4 20. Bxd4 Rad8 21. Qc5 Rxd4 22. b5 Qe5 23. Qc3 Rd5 24. Qxe5 Nxe5 25. Be2 Rfd8 26. Rxd5 Rxd5 27. Rc1 Rd2 28. Bf1 b6 29. f4 Nd7 30. Rc7 Nc5 31. Bc4 Rd7 32. Rc8+ Kg7 33. Bf1 Rd4 34. Rc7 Ra4 35. f5 gxf5 36. Be2 Kg6 37. Rc6+ f6 38. Rc8 Ne4 39. Rg8+ Kf7 40. Rc8 Rxa3 41. Bc4+ Kg6 42. Rg8+ Kh6 43. Kh2 Rc3 44. Be6 Rc5 45. Ra8 Re5 46. Bd7 f4 47. Rg8 f5 48. Rc8 Rd5 49. Rc6+ Kg7 50. Rc7 Kf6 51. Rc6+ Ke7 52. Be6 Rxb5 53. Bg8 Rb1 54. Rc4 Rf1 55. Bxh7 Ng3 0-1

[Event "2. Highlands Open A"]
[Site "?"]
[Date "2005.09.27"]
[Round "4"]
[White "Jackova Jana"]
[Black "Blatny Pavel"]
[Result "1/2-1/2"]
[WhiteElo "2386"]
[BlackElo "2533"]
[PlyCount "22"]
[EventDate "2005.??.??"]
[Source "www.chesslib.no"]
[SourceDate "2004.05.04"]

1. e4 g6 2. d4 c6 3. Nf3 d5 4. Nbd2 Bg7 5. Bd3 e6 6. O-O Ne7 7. Re1 a5 8. c3 b6 9. Qe2 Ba6 10. Bxa6 Rxa6 11. Ne5 Ra7 1/2-1/2

[Event "Moscow RUS"]
[Site "?"]
[Date "1996.??.??"]
[Round "1"]
[White "Dvoirys Semen I"]
[Black "Krechetov Alexandr"]
[Result "1-0"]
[WhiteElo "2585"]
[BlackElo "2325"]
[PlyCount "103"]
[EventDate "1996.??.??"]
[Source "www.chesslib.no"]
[SourceDate "2004.05.04"]

1. e4 g6 2. d4 c6 3. Nf3 d5 4. Nbd2 Bg7 5. c3 dxe4 6. Nxe4 Nf6 7. Nxf6+ exf6 8. Bc4 O-O 9. O-O Nd7 10. Bb3 Nb6 11. Ne1 Re8 12. Nd3 Bf8 13. Qf3 a5 14. a4 Bf5 15. Bf4 Be4 16. Qd1 Nd5 17. Bg3 Qb6 18. Bc4 Rad8 19. Qd2 Ne7 20. f3 Bd5 21. Bxd5 Rxd5 22. Bf2 Rdd8 23. Rfe1 Nf5 24. Qc2 Bd6 25. Nc5 Qc7 26. g3 Kg7 27. Kg2 h5 28. Ne4 Be7 29. Re2 Rh8 30. h3 Nh6 31. Rae1 f5 32. Nc5 Bf6 33. Be3 g5 34. Bc1 Rhg8 35. Nd3 Kf8 36. Ne5 Re8 37. Be3 Bd8 38. Bf2 f6 39. Nd3 h4 40. gxh4 g4 41. Qd2 gxf3+ 42. Kxf3 f4 43. Nxf4 Qh7 44. h5 Nf5 45. Re6 Bc7 46. Ke2 Nd6 47. Qd3 f5 48. Ng6+ Rxg6 49. hxg6 Qd7 50. Kd1 Ne4 51. R1xe4 fxe4 52. Qxe4 1-0

[Event "Skopje"]
[Site "Skopje"]
[Date "1976.??.??"]
[Round "15"]
[White "Matanovic, Aleksandar"]
[Black "Ivanovic, Bozidar"]
[Result "1-0"]
[WhiteElo "2525"]
[BlackElo "2385"]
[PlyCount "85"]
[EventDate "1976.03.??"]
[Source "ChessBase"]

1. e4 g6 2. d4 c6 3. Nd2 Bg7 4. Ngf3 d5 5. h3 Nf6 6. e5 Ne4 7. Bd3 c5 8. Nxe4 dxe4 9. Bxe4 cxd4 10. O-O O-O 11. Re1 f5 12. exf6 exf6 13. Qxd4 Nc6 14. Qxd8 Rxd8 15. c3 Kf7 16. Be3 Be6 17. Nd4 Nxd4 18. Bxd4 f5 19. Bxb7 Rab8 20. Bxg7 Rxb7 21. b4 Rd2 22. Bd4 Bxa2 23. Re5 a6 24. Rc5 Re7 25. Be3 Rb2 26. Bg5 Ree2 27. Rd1 Rb1 28. Rc7+ Kg8 29. Rxb1 Bxb1 30. Be3 Be4 31. Bd4 f4 32. Rg7+ Kf8 33. Rxh7 Bd5 34. Rh4 f3 35. gxf3 g5 36. Rg4 Bxf3 37. Rxg5 Bc6 38. Kh2 Kf7 39. Rg7+ Ke6 40. Rg6+ Kd7 41. h4 Ra2 42. h5 Ra1 43. Rxc6 1-0

[Event "5. Abierto Vila de Padrón"]
[Site "Padron"]
[Date "2004.08.24"]
[Round "5.2"]
[White "Gongora, Maikel"]
[Black "Nanu, Ciprian"]
[Result "1/2-1/2"]
[WhiteElo "2401"]
[BlackElo "2505"]
[PlyCount "42"]
[EventDate "2004.08.20"]
[Source "Roberto Alvarez"]
[SourceDate "2004.09.06"]

1. e4 g6 2. d4 Bg7 3. Nf3 c6 4. Nbd2 d5 5. h3 Nd7 6. Bd3 dxe4 7. Nxe4 Ngf6 8. Qe2 O-O 9. O-O Nxe4 10. Qxe4 c5 11. Re1 cxd4 12. Qxe7 Qxe7 13. Rxe7 Nc5 14. Bf4 Ne6 15. Bd6 Bf6 16. Rxe6 Bxe6 17. Bxf8 Kxf8 18. Kf1 Rc8 19. a4 Bd5 20. Ke2 Re8+ 21. Kf1 Bxf3 1/2-1/2

[Event "BL2-W 9596"]
[Site "GER"]
[Date "1996.??.??"]
[Round "?"]
[White "Balashov, Yuri S"]
[Black "Telljohann, Sven"]
[Result "1/2-1/2"]
[WhiteElo "2480"]
[BlackElo "2425"]
[PlyCount "53"]
[EventDate "1995.10.??"]
[Source "www.chesslib.no"]
[SourceDate "2004.05.04"]

1. e4 g6 2. d4 Bg7 3. Nf3 c6 4. Nbd2 d5 5. c3 Nh6 6. Bd3 O-O 7. O-O Nd7 8. Re1 Nf6 9. e5 Ne8 10. Nf1 f6 11. h3 Nc7 12. Bd2 Nf7 13. Ng3 fxe5 14. dxe5 Nh6 15. Qe2 Nf5 16. Nxf5 Bxf5 17. Rad1 Ne6 18. Bc1 Qa5 19. a3 Rad8 20. Nd4 Nxd4 21. cxd4 e6 22. Be3 Rd7 23. Qd2 Qxd2 24. Rxd2 Bxd3 25. Rxd3 Rc8 26. Rc1 b6 27. b4 1/2-1/2

[Event "Pancevo"]
[Site "Pancevo"]
[Date "2003.06.30"]
[Round "11"]
[White "Radulski, Julian"]
[Black "Radlovacki, Jovan"]
[Result "1-0"]
[WhiteElo "2493"]
[BlackElo "2411"]
[PlyCount "73"]
[EventDate "2003.06.20"]
[Source "ChessBase"]
[SourceDate "2003.07.09"]

1. e4 c6 2. d4 Na6 3. Nf3 Nc7 4. Nc3 d6 5. a4 Bg4 6. Be2 Nf6 7. O-O g6 8. Ra3 Bg7 9. Rb3 Rb8 10. e5 Nfd5 11. Nxd5 cxd5 12. Ng5 Bxe2 13. Qxe2 h6 14. Nf3 O-O 15. Bf4 Ne6 16. Bg3 dxe5 17. Bxe5 Bxe5 18. Qxe5 Ng7 19. Qf4 h5 20. Ne5 Qe8 21. a5 f6 22. Nd3 g5 23. Qd2 e6 24. Re1 Rf7 25. h4 g4 26. Nf4 Re7 27. a6 b6 28. Rbe3 Rd8 29. Qd3 Rd6 30. f3 Qf7 31. fxg4 hxg4 32. Rg3 f5 33. Re5 Ne8 34. Rge3 Nf6 35. Qa3 Rc6 36. Rxf5 Rxc2 37. Rg5+ 1-0

[Event "57th ch-RUS Qualifier"]
[Site "St Petersburg"]
[Date "2004.05.28"]
[Round "7"]
[White "Danin, Alexandre"]
[Black "Burmakin, Vladimir"]
[Result "0-1"]
[WhiteElo "2332"]
[BlackElo "2571"]
[PlyCount "82"]
[EventDate "2004.05.01"]
[Source "Roberto Alvarez"]
[SourceDate "2004.05.31"]

1. e4 c6 2. d4 d6 3. Nc3 Nd7 4. g3 g6 5. Bg2 Bg7 6. a4 a5 7. Nge2 Nb6 8. h3 d5 9. e5 f6 10. exf6 exf6 11. b3 Kf7 12. Nf4 Nh6 13. O-O Re8 14. Ba3 Nf5 15. Qd2 Bh6 16. Rfe1 Be6 17. Nce2 Nd6 18. Rad1 Qd7 19. Bxd6 Qxd6 20. Qc3 Bf5 21. Nd3 Be4 22. Nc5 Re7 23. Nc1 Rae8 24. Nxe4 dxe4 25. Qxa5 Nd5 26. Ne2 Nb4 27. c4 Nd3 28. Rf1 f5 29. Qc3 Kg8 30. c5 Qf6 31. Kh2 f4 32. gxf4 Bxf4+ 33. Kh1 Bb8 34. Kg1 Rf7 35. f4 Qh4 36. Qc2 Bxf4 37. Nxf4 Nxf4 38. Qc4 e3 39. Rde1 g5 40. Kh2 e2 41. Rg1 Re3 0-1

[Event "Lugano Open"]
[Site "Lugano SUI"]
[Date "1989.??.??"]
[Round "7"]
[White "King, Daniel J"]
[Black "Maus, Soenke"]
[Result "1-0"]
[WhiteElo "2500"]
[BlackElo "2400"]
[PlyCount "79"]
[EventDate "1989.03.??"]
[Source "www.chesslib.no"]
[SourceDate "2004.05.04"]

1. Nf3 g6 2. e4 Bg7 3. d4 c6 4. c3 d5 5. Nbd2 Bg4 6. h3 Bxf3 7. Qxf3 e6 8. Bd3 Nd7 9. O-O Ne7 10. Qe2 Qb6 11. Nf3 dxe4 12. Bxe4 O-O 13. Bg5 Rfe8 14. Rad1 Qc7 15. Rfe1 a5 16. c4 a4 17. Bb1 Bf8 18. h4 b5 19. cxb5 cxb5 20. Qxb5 Reb8 21. Qe2 Nd5 22. Be4 Ra5 23. a3 Bd6 24. Ne5 Bxe5 25. dxe5 Qxe5 26. Qd2 Qc7 27. Bh6 N7f6 28. Bf3 Rab5 29. Re2 Qb6 30. Rc1 Ne8 31. Rc2 Ne7 32. Be3 Qa6 33. Bf4 Nf5 34. Bxb8 Rxb8 35. Qf4 Qb6 36. Red2 f6 37. Rc6 Qb3 38. Rxe6 Qxe6 39. Bd5 Qxd5 40. Rxd5 1-0

[Event "ARM-ch"]
[Site "Yerevan"]
[Date "1995.??.??"]
[Round "1"]
[White "Asrian, Karen"]
[Black "Minasian, Artashes"]
[Result "1/2-1/2"]
[WhiteElo "2330"]
[BlackElo "2565"]
[PlyCount "127"]
[EventDate "1995.08.??"]
[Source "ChessBase"]

1. e4 g6 2. d4 Bg7 3. Nf3 c6 4. c3 d5 5. Nbd2 Nf6 6. e5 Nfd7 7. Bd3 c5 8. O-O Nc6 9. b3 cxd4 10. cxd4 Nf8 11. Nb1 Bg4 12. Be3 Ne6 13. Be2 Rc8 14. Qd2 Qb6 15. Nc3 Bxf3 16. Bxf3 Ncxd4 17. Bg4 Bxe5 18. Na4 Qd8 19. Bxd4 Nxd4 20. Bxc8 Qxc8 21. Rae1 Bf6 22. Qa5 b5 23. Nb2 O-O 24. Qd2 Qf5 25. Nd1 Qc2 26. Qxc2 Nxc2 27. Re2 Rc8 28. Ne3 Nxe3 29. fxe3 d4 30. exd4 Bxd4+ 31. Kh1 e6 32. g4 h6 33. Kg2 Kg7 34. Rd2 e5 35. Re2 Rc6 36. Rd2 Kf8 37. Re2 Ke7 38. Rf4 Kf8 39. Rf1 b4 40. h4 Ke7 41. g5 h5 42. Rf4 Re6 43. Rf1 Rc6 44. Rf4 Rd6 45. Rf1 Rd7 46. Ree1 Ke6 47. Rc1 Kd5 48. Rc4 a5 49. Kf3 Ra7 50. Rfc1 f5 51. gxf6 Ra6 52. Ke2 Rxf6 53. Rf1 Ra6 54. Kd3 Bc5 55. Rfc1 Be7 56. Ke3 a4 57. Rd1+ Ke6 58. bxa4 Rxa4 59. Rc6+ Kf7 60. Rd7 Ra3+ 61. Ke4 Ra4 62. Ke3 Ra3+ 63. Ke4 Ra4 64. Ke3 1/2-1/2

[Event "Dortmund"]
[Site "Dortmund"]
[Date "1978.??.??"]
[Round "4"]
[White "Borngaesser, Rene"]
[Black "Gipslis, Aivars"]
[Result "1/2-1/2"]
[WhiteElo "2370"]
[BlackElo "2525"]
[PlyCount "123"]
[EventDate "1978.04.??"]
[Source "ChessBase"]

1. e4 c6 2. d4 g6 3. Nf3 d5 4. Nbd2 Bg7 5. c3 Nh6 6. h3 O-O 7. Be2 b6 8. O-O f6 9. e5 Nf7 10. exf6 exf6 11. b3 Re8 12. Re1 Na6 13. Bf1 Nc7 14. Rxe8+ Qxe8 15. Ba3 Be6 16. Qc2 Qd7 17. Re1 Bf5 18. Bd3 Bxd3 19. Qxd3 Re8 20. Rxe8+ Qxe8 21. Kf1 Nb5 22. Bb2 Bf8 23. Qe2 Qd7 24. Ne1 Bh6 25. Qd3 Nd8 26. Ndf3 Ne6 27. Ng1 Nd6 28. Ne2 Ne4 29. f3 Nd6 30. Nc2 Nf5 31. Bc1 Bxc1 32. Nxc1 Qc7 33. Ne2 Nf4 34. Qd2 Nxe2 35. Kxe2 Qh2 36. Kf2 Kf7 37. Ne1 h5 38. Ke2 h4 39. Kd3 Qg1 40. Qe2 c5 41. dxc5 bxc5 42. Kd2 Qh2 43. Kc2 Qc7 44. Kb2 Kg7 45. Nd3 d4 46. Nf2 Ne3 47. Ng4 Qa5 48. cxd4 cxd4 49. Qd3 Qc5 50. Nxe3 dxe3 51. Qe4 a5 52. a3 g5 53. b4 axb4 54. axb4 Qb5 55. Qe7+ Kg6 56. Qe4+ Kh6 57. Qxe3 Qxb4+ 58. Kc2 Qa4+ 59. Kd3 Qa6+ 60. Ke4 Kg6 61. Kd5 Kf7 62. Qe4 1/2-1/2

[Event "Senden"]
[Site "?"]
[Date "2004.10.25"]
[Round "5.2"]
[White "Horvath Peter"]
[Black "Csiszar Csaba"]
[Result "1/2-1/2"]
[WhiteElo "2503"]
[BlackElo "2390"]
[PlyCount "20"]
[EventDate "2004.??.??"]
[Source "www.chesslib.no"]
[SourceDate "2004.05.04"]

1. e4 c6 2. d4 d6 3. f4 g6 4. Nf3 Bg7 5. c4 Bg4 6. Be2 Nd7 7. Nc3 e5 8. fxe5 dxe5 9. d5 Ngf6 10. O-O O-O 1/2-1/2